[Event "Stokes Cup U12"]
[Site "Hull"]
[Date "2024.07.24"]
[Round "3.1"]
[White "Zhang, Junyi"]
[Black "Rami, Talab"]
[Result "0-1"]
[WhiteElo "1957"]
[BlackElo "2033"]
[PlyCount "84"]
[EventDate "2024.07.23"]
[EventType "team-tourn"]
[EventRounds "5"]
[EventCountry "ENG"]
[SourceTitle "CB31_2024"]
[SourceDate "2024.07.31"]
[SourceVersion "1"]
[SourceVersionDate "2024.07.31"]
[SourceQuality "1"]
[WhiteTeam "England II"]
[BlackTeam "International"]
[WhiteTeamCountry "ENG"]

1. e4 c5 2. Nf3 d6 3. d4 cxd4 4. Nxd4 Nf6 5. f3 e5 6. Nb3 d5 7. Bg5 Be6 8. Bxf6 gxf6 9. exd5 Qxd5 10. Qxd5 Bxd5 11. Nc3 Bc6 12. 0-0-0 Nd7 13. Nb5 Bxb5 14. Bxb5 0-0-0 15. Kb1 Be7 16. Rxd7 Rxd7 17. Bxd7+ Kxd7 18. Rd1+ Kc7 19. Nc1 Rg8 20. Rd2 f5 21. Re2 f6 22. c3 b5 23. Nd3 Bd6 24. g3 h5 25. b3 h4 26. gxh4 Rh8 27. c4 bxc4 28. bxc4 Rxh4 29. c5 Bf8 30. Rg2 e4 31. fxe4 fxe4 32. Nb4 Bxc5 33. Nd5+ Kd6 34. Nxf6 Ke6 35. Rg4 Rxg4 36. Nxg4 Kf5 37. h3 Kf4 38. Kc2 Bd6 39. Nh6 e3 40. Nf7 Be7 41. Kd3 Kf5 42. Kxe3 Ke6 0-1

[Event "Dubai op-B 23rd"]
[Site "Dubai"]
[Date "2023.06.03"]
[Round "8"]
[White "Velavaa, Ragavesh"]
[Black "Rami, Talab"]
[Result "1-0"]
[WhiteElo "1625"]
[BlackElo "1924"]
[PlyCount "81"]
[EventDate "2023.05.27"]
[EventType "swiss"]
[EventRounds "9"]
[EventCountry "UAE"]
[SourceTitle "CBM 214 Extra"]
[Source "ChessBase"]
[SourceDate "2023.07.31"]
[SourceVersion "1"]
[SourceVersionDate "2023.07.31"]
[SourceQuality "1"]

1. e4 e6 2. d4 d5 3. exd5 exd5 4. Nf3 Bd6 5. c4 Nf6 6. Nc3 dxc4 7. Bxc4 0-0 8. 0-0 Nc6 9. h3 h6 10. Re1 Bf5 11. d5 Ne7 12. Be3 Bg6 13. Nd4 Bb4 14. Nde2 Nf5 15. Nf4 Nxe3 16. Rxe3 Bh7 17. Bd3 Bxc3 18. Bxh7+ Kxh7 19. Rxc3 g5 20. Nh5 Nxh5 21. Qxh5 Rc8 22. Rd1 Qf6 23. Qg4 Rfd8 24. d6 c6 25. Rf3 Qg6 26. Qd4 Rd7 27. Rf6 Qg7 28. Qe4+ Kh8 29. Qe5 Kg8 30. f4 Rcd8 31. Rd3 Kf8 32. Rg3 Qh7 33. fxg5 Re8 34. Qf4 Qb1+ 35. Kh2 Re1 36. Rf3 Rh1+ 37. Kg3 Qe1+ 38. Rf2 Kg8 39. gxh6 Kh8 40. Qg5 Rxh3+ 41. Kxh3 1-0

[Event "Dubai op-B 23rd"]
[Site "Dubai"]
[Date "2023.05.28"]
[Round "2"]
[White "Rami, Talab"]
[Black "Ammar, Sedrani"]
[Result "0-1"]
[WhiteElo "1924"]
[BlackElo "2197"]
[PlyCount "134"]
[EventDate "2023.05.27"]
[EventType "swiss"]
[EventRounds "9"]
[EventCountry "UAE"]
[SourceTitle "CBM 214 Extra"]
[Source "ChessBase"]
[SourceDate "2023.07.31"]
[SourceVersion "1"]
[SourceVersionDate "2023.07.31"]
[SourceQuality "1"]

1. e4 c6 2. Nf3 d5 3. Nc3 dxe4 4. Nxe4 Nf6 5. Nxf6+ exf6 6. d4 Bd6 7. Be2 0-0 8. 0-0 Bf5 9. Be3 Re8 10. h3 Nd7 11. Bd3 Bxd3 12. Qxd3 Qc7 13. c4 Rad8 14. Rad1 g6 15. Rfe1 Nf8 16. Qc3 Bf4 17. Bxf4 Qxf4 18. Rxe8 Rxe8 19. Qd2 Qd6 20. d5 c5 21. Re1 Rd8 22. Qe3 Kg7 23. Qc3 b5 24. b3 Rb8 25. Nd2 Nd7 26. Ne4 Qe5 27. Qxe5 fxe5 28. cxb5 Rxb5 29. Nd6 Rb4 30. Nc4 Kf6 31. Re3 g5 32. g4 a6 33. Kf1 Rb7 34. Nd6 Rb4 35. Nc4 Rb8 36. Ke2 Re8 37. Nd6 Rf8 38. Rc3 Kg6 39. Ne4 Rc8 40. b4 Nb6 41. Rxc5 Rxc5 42. Nxc5 Nxd5 43. Nxa6 f5 44. Kd2 h5 45. gxh5+ Kxh5 46. b5 Kh4 47. a4 Nb6 48. Nc5 Kxh3 49. Ke1 Nc4 50. Nb3 g4 51. a5 f4 52. Kf1 Kh2 53. b6 g3 54. b7 g2+ 55. Ke2 g1Q 56. b8Q Qg4+ 57. Kd3 Qe6 58. Kc3 Nd6 59. Nd2 Qd5 60. Qb6 Kg2 61. a6 Qxd2+ 62. Kxd2 Nc4+ 63. Kc3 Nxb6 64. Kb4 e4 65. Kb5 Na8 66. Kc6 Kxf2 67. a7 e3 0-1

[Event "Dubai op 22nd"]
[Site "Dubai"]
[Date "2022.08.31"]
[Round "5"]
[White "Sammed Jaykumar, Shete"]
[Black "Rami, Talab"]
[Result "1-0"]
[WhiteElo "2381"]
[BlackElo "1585"]
[PlyCount "105"]
[EventDate "2022.08.27"]
[EventType "swiss"]
[EventRounds "9"]
[EventCountry "UAE"]
[SourceTitle "CBM 210 Extra"]
[Source "ChessBase"]
[SourceDate "2022.11.30"]
[SourceVersion "1"]
[SourceVersionDate "2022.11.30"]
[SourceQuality "1"]

1. e4 e6 2. d4 d5 3. Nd2 Ne7 4. Ngf3 Nd7 5. Bd3 g6 6. 0-0 Bg7 7. Re1 0-0 8. c3 c5 9. e5 Nc6 10. Bb1 b5 11. Nb3 cxd4 12. cxd4 a5 13. h4 a4 14. Nbd2 f5 15. Nf1 Ba6 16. Ng3 h6 17. Ne2 Rf7 18. Nf4 Nf8 19. Be3 Rc8 20. Nd3 Qa5 21. g3 a3 22. b4 Qd8 23. Qb3 g5 24. hxg5 hxg5 25. Nxg5 Nxd4 26. Qd1 Nc6 27. Nxf7 Kxf7 28. Qh5+ Kg8 29. Bc5 Bb7 30. Bd6 Nh7 31. Nc5 Qg5 32. Qd1 Nd8 33. Bd3 Bc6 34. Bf1 f4 35. Qf3 Qf5 36. Qxf4 Qh5 37. Qh4 Qxh4 38. gxh4 Kh8 39. Bh3 Nf7 40. Rad1 Nxd6 41. exd6 Bc3 42. Rxe6 Bxb4 43. d7 Rg8+ 44. Kf1 Bxc5 45. Rxc6 Be7 46. Rxd5 Kg7 47. Rc8 Bd8 48. Re5 b4 49. Re8 b3 50. Rxg8+ Kf7 51. axb3 a2 52. Ra8 Nf8 53. Rxf8+ 1-0

[Event "Dubai op 22nd"]
[Site "Dubai"]
[Date "2022.08.30"]
[Round "4"]
[White "Rami, Talab"]
[Black "Tissir, Mohamed"]
[Result "1-0"]
[WhiteElo "1585"]
[BlackElo "2366"]
[PlyCount "81"]
[EventDate "2022.08.27"]
[EventType "swiss"]
[EventRounds "9"]
[EventCountry "UAE"]
[SourceTitle "CBM 210 Extra"]
[Source "ChessBase"]
[SourceDate "2022.11.30"]
[SourceVersion "1"]
[SourceVersionDate "2022.11.30"]
[SourceQuality "1"]

1. d4 d6 2. c4 g6 3. Nc3 Bg7 4. e4 Nd7 5. Be3 a6 6. Qd2 c5 7. Nge2 Ngf6 8. f3 Qa5 9. Nc1 cxd4 10. Bxd4 0-0 11. Be2 Qc7 12. 0-0 Ne5 13. Nd5 Nxd5 14. cxd5 e6 15. dxe6 Bxe6 16. Nb3 f5 17. Rac1 Qe7 18. exf5 gxf5 19. f4 Bh6 20. Qe1 Ng6 21. Qg3 Rac8 22. Rce1 Qf7 23. h4 Bxb3 24. axb3 Bg7 25. Bf2 Kh8 26. Rd1 Bxb2 27. Rxd6 Qe7 28. Qd3 Bg7 29. Rd7 Qe6 30. g3 Rf7 31. Rd6 Qe7 32. h5 Nf8 33. Re1 Rc3 34. Qd2 Rc2 35. Qxc2 Qxd6 36. Bc4 Rf6 37. Rd1 Qc7 38. Bd4 Rf7 39. Qf2 Rd7 40. Bxg7+ Rxg7 41. h6 1-0